| 000 | 00362nam a22001337a 4500 | ||
|---|---|---|---|
| 999 |
_c55066 _d55066 |
||
| 008 | 200205b ||||| |||| 00| 0 eng d | ||
| 041 | _aeng | ||
| 080 |
_2043.3 _a043.3 |
||
| 082 | _a043.3 | ||
| 100 | _a0 | ||
| 101 | _aMTH | ||
| 245 |
_aKërcenimi në Sigurinë e Bazës së të dhënave (Oracle vs MS SQL Server), Rasti i ATK-së _cAvdijaj,R |
||
| 942 |
_2udc _cBK |
||